| 000 | 02933nam2a2200265 4500 | ||
|---|---|---|---|
| 001 | RU\NLR\BIBL_A\012054688 | ||
| 005 | 20190828091444.0 | ||
| 021 |
_aRU _bКН-П-19-044632 _9КН-П-19-3266 |
||
| 021 |
_aRU _bКН-П-19-044632 _9КН-П-19-3851 |
||
| 035 | _a(NLR Aleph) 012054688 | ||
| 035 | _a(RuMoRGB)010015168 | ||
| 090 |
_a11669742 _c11669742 |
||
| 100 | _a20190708d2018 k y0rusy50 ca | ||
| 101 | 0 |
_arus _deng _eeng |
|
| 102 | _aRU | ||
| 105 | _aab||z|||100zy | ||
| 200 | 0 | _aТ. 1 | |
| 215 |
_a226 с. _cил., карт. |
||
| 461 | 0 |
_1001RU\NLR\BIBL_A\012054687 _12001#$aМеждународная научно-техническая конференция студентов и молодых ученых "Молодежь. Наука. Технологии"$eсборник материалов [конференции, проходившей в рамках конгресса$eв 2 т.]$fИНТЕРЭКСПО ГЕО-Сибирь, XIV Международный научный конгресс, [23-27 апреля 2018 г., Новосибирск], Министерство образования и науки Российской Федерации, Федеральное государственное бюджетное образовательное учреждение высшего образования "Сибирский государственный университет геосистем и технологий" (СГУГиТ)$vТ. 1 _911669736 _a"Молодежь. Наука. Технологии", международная научно-техническая конференция студентов и молодых ученых (2018 ; Новосибирск) _cНовосибирск _d2018 _fИНТЕРЭКСПО ГЕО-Сибирь, XIV Международный научный конгресс, [23-27 апреля 2018 г., Новосибирск], Министерство образования и науки Российской Федерации, Федеральное государственное бюджетное образовательное учреждение высшего образования "Сибирский государственный университет геосистем и технологий" (СГУГиТ) _nСГУГиТ _oсборник материалов [конференции, проходившей в рамках конгресса : в 2 т.] _tМеждународная научно-техническая конференция студентов и молодых ученых "Молодежь. Наука. Технологии" _vТ. 1 |
|
| 606 | 1 |
_aЗемельный кадастр _jСъезды, совещания и т.п _xГеодезическое обеспечение _92113068 _3RU\NLR\AUTH\661276840 |
|
| 686 | 1 | _aД143я431(0) | |
| 942 | _cBOOK | ||
| 980 | _aNB | ||